Taxonomie Pokémon - Félins - Statistiques

Statistiques générales
  • Ce quiz a été pris 206 fois
    49 depuis la dernière actualisation
  • Le résultat moyen est 27 sur 32
Statistiques - réponses
Type de quiz Pokémon % Correct
Normal Miaouss
97%
Ténèbres Miaouss d'Alola
97%
Acier Miaouss de Galar
97%
Ténèbres Chacripan
95%
Ténèbres Léopardus
95%
Électrik Luxray
95%
Normal Persian
95%
Ténèbres Persian d'Alola
95%
Feu Normal Hélionceau
92%
Électrik Lixy
92%
Électrik Luxio
92%
Feu Normal Némélios
90%
Feu Entei
87%
Feu Ténèbres Félinferno
87%
Électrik Raikou
87%
Eau Suicune
87%
Normal Chaffreux
85%
Normal Chaglam
85%
Feu Flamiaou
85%
Feu Matoufeu
85%
Plante Ténèbres Miascarade
82%
Plante Poussacha
82%
Normal Delcatty
79%
Normal Skitty
79%
Acier Berserkatt
77%
Sol Vol Démétéros (Totémique)
74%
Plante Matourgeon
74%
Psy Mistigrix
72%
Psy Psystigri
72%
Psy Acier Solgaléo
72%
Ténèbres Absol
69%
Électrik Zeraora
62%
Aucun quiz correspondant
Distribution des résultats
% des personnes avec chaque résultat
Percentile par nombre de réponses
Votre historique - résultats
Vous n’avez pas pris ce quiz depuis la dernière actualisation